000 00558nam a22001817a 4500
005 20251108171816.0
008 250721s9999 xx 000 0 ara d
082 1 4 _aط/219/بعل
100 1 _aبعلبكي، فاطمه
245 1 0 _aغزوة أحد /
264 1 _aبيروت :
_bدار الآفاق الجديدة،
_c(19-).
300 _a15ص : مص
490 0 _aسلسلة آفاق جديدة ؛ 3
650 1 7 _aالسيرة النبوية
653 _aاطفال مرحلة متوسطة (6-9) سنوات
942 _2ddc
_cBK
999 _c63114
_d63114